| 000 | 01222cam a2200301 4500 | ||
|---|---|---|---|
| 999 |
_c18102 _d18102 |
||
| 001 | 785053 | ||
| 003 | BDDh-ASL | ||
| 005 | 20231015025701.0 | ||
| 008 | 720728s1900 enkb b 001 0 eng | ||
| 010 | _a 73180685 | ||
| 040 |
_aDLC _cDLC _dBDDh-ASL |
||
| 043 | _aa-ii--- | ||
| 050 | 0 | 0 |
_aDS465 _b.H92 |
| 082 |
_a954.03 _bHUH |
||
| 100 | 1 |
_aHunter, William Wilson, _d1840-1900. |
|
| 245 | 1 | 2 |
_aA history of British India, Vol.-2 : _bTo the union of the old and new companies under the Earl of Godolphin's award/ _cby William Wilson Hunter. |
| 260 |
_aLondon : _bLongmans, Green and Co. , _c1900. |
||
| 300 |
_av-2, xxxii, ,419 p. : _bmaps. ; _c23 cm. |
||
| 500 | _aVol. 2 completed and edited after the author's death by P. E. Roberts. | ||
| 500 | _aReprint of the 1899-1900 ed. | ||
| 504 | _aIncludes bibliographical references. | ||
| 505 | 0 | _av. 1. To the overthrow of the English in the spice archipelago.--v. 2. To the union of the old and new companies under the Earl of Godolphin's award. | |
| 610 | 2 | 0 | _aEast India Company. |
| 651 | 0 |
_aIndia _xHistory _y1526-1765. |
|
| 700 | 1 |
_aRoberts, P. E. _q(Paul Ernest), _d1873-1949. |
|
| 906 |
_a7 _bcbc _corignew _d2 _encip _f19 _gy-gencatlg |
||
| 942 |
_2ddc _cBK |
||